LEADER 00996nam a2200181 i 4500 001 000000255590 003 CaOOAMICUS 005 20171006000000.0 008 171006s1818 xx u000 u fre u 013 $a234498 026 $a'yee m.du nsur Ma2. (3) 1818 (A) 040 $aSeMil$bita 245 10$aTome 12. 300 $a[4], 532, [4] p. 773 0 $aClément, François <1713-1793>$tArt de verifier les dates des faits historiques, des chartes, des chroniques, et autres anciens monuments, depuis la naissance de Notre-Seigneur ... Par un religieux de la Congregation de Saint-Maur. Tome 1. [-18.].$bReimprimé avec des corrections et annotations, et continué jusqu'a nos jours, par M. de Saint-Allais ...$dA Paris : Rue de la Vrilliére, nº. 10, près la Banque : Valade, imprimeur du Roi, rue Coquillière, 1818-1819$g12$w()7789 850 $aSeMil 852 $aSeMil$W1$xVenegono$y1$m3V II 17 FA$j205936$B205936$CSeMilBibl$Z2$F219349 $8I 996 $6245$aTome 12$9(OLS)http://semarc/title/305905 LEADER 00759nam a2200193 i 4500 001 000000124066 003 CaOOAMICUS 005 20040311000000.0 008 040311s1879 it u000 u lat u 013 $a96763 040 $aSeMil$bita 245 10$aLiber tertius et quartus. 300 $a260 p. 500 $aRilegato con : Liber primus, Liber secundus, Liber quintus. 773 0 $aMartinucci, Pio$tManuale sacrarum caeremoniarum.$bEditio altera emendata et auctior.$dRomae : Ex Typographia Ludovici Cecchini, 1879-1880.$g3$w()11173 850 $aSeMil 852 $aSeMil$W1$xVenegono$y1$m3K IV 91 FA$j78685$B78685$CSeMilBibl$Z2$F80853 $8I 961 $aLascito: Bidoglio don Maurizio 996 $6245$aLiber tertius et quartus$9(OLS)http://semarc/title/182512